000 00565nam a2200229Ia 4500
003 OSt
005 20220923211733.0
006 a|||||r|||| 00| 0
007 ta
008 Pun
024 _a43,876
037 _cTextual
040 _aARTS
_cARTS
_bPun
041 _2Pun
_aPun
082 _aO153,3NJK,GG, K0
100 _aਸਿੰਘ, ਕਰਮ
245 0 _aਘਲੂਘਾਗ
260 _c1960
650 _aਪੰਜਾਬੀ ਸਾਹਿਤ
942 _hO153,3NJK,GG, K0
_cTEXL
_2CC
999 _c303033
_d303033